| 000 | 00905nam a22003017a 4500 | ||
|---|---|---|---|
| 003 | CHAP | ||
| 005 | 20220329140336.0 | ||
| 008 | 971013s1979 r 00010 d | ||
| 010 | _a50688 | ||
| 011 | _a51660 | ||
| 035 | _a55810 | ||
| 040 | _cCHAP | ||
| 082 |
_a589.481 _bV5 |
||
| 100 | 0 | 0 |
_aVinyard, William C. _9119886 |
| 245 | _aDiatoms of North America | ||
| 260 |
_aEureka, Calif. : _bMad River, _c1979 |
||
| 300 |
_a119 p. _b: ilus. |
||
| 590 |
_aBATCH-UPD _b10 _c20130110 _lUCH01 _h0230 |
||
| 590 |
_aBATCH-UPD _b10 _c20130110 _lUCH01 _h1053 |
||
| 590 |
_aBATCH-UPD _b10 _c20130409 _lUCH01 _h2253 |
||
| 590 |
_aBATCH-UPD _b10 _c20130914 _lUCH01 _h0047 |
||
| 590 |
_aCONVERSION _b10 _c20130109 _lUCH01 _h1328 |
||
| 650 | 1 | 4 |
_aAlgas. _93947 |
| 650 | 1 | 4 |
_aDiatomáceas. _932428 |
| 901 | _aBK | ||
| 942 | _cLIBRO | ||
| 949 |
_a589.481 V5 _bBC _cLIBRO _d33724000375291 _eLIBRO _h57992 _i55810 _mDirecto _si _t298.00 |
||
| 999 |
_c50688 _d50688 |
||